| 000 | 01028nam a22002537a 4500 | ||
|---|---|---|---|
| 005 | 20240530110338.0 | ||
| 008 | 141023s2010 ua a gr 000 p ara d | ||
| 017 |
_a9987/2010 _bمصر . دار الكتب |
||
| 020 | _a9789773277751 | ||
| 040 | _aEG-CaGPL | ||
| 082 | 0 | 4 |
_221 _a811.5\ _bم ش |
| 100 | 0 | _aمحمد غريب | |
| 245 | 1 |
_aشعر ابى اسحاق الصابئ ( المتوفى 384 هـ ) : _bجمع وتحقيق ودراسة / _cمحمد غريب |
|
| 250 | _aط1 | ||
| 260 |
_aالاسكندرية : _bمؤسسسة عبدالعزيز سعود البابطين ، _c2010 |
||
| 300 |
_a491 ص ؛ _c24 سم |
||
| 490 |
_aمن تراثنا الشعرى _v12 |
||
| 600 | 0 | 4 | _aابى اسحاق الصابئ |
| 650 | 0 | 4 | _aالادب العربى |
| 650 | 0 | 4 |
_aالشعر العربى _xدواوين وقصائد |
| 650 | 0 | 4 |
_aالشعر العربى _xابى اسحاق الصابئ |
| 942 |
_2ddc _cBK |
||
| 999 |
_c59833 _d59833 |
||